Tafsir - ul - quran, translation and commentary of the holy quran (Record no. 574470)
[ view plain ]
| 000 -LEADER | |
|---|---|
| fixed length control field | 00512nam a22001697a 4500 |
| 003 - CONTROL NUMBER IDENTIFIER | |
| control field | CEME |
| 005 - DATE AND TIME OF LATEST TRANSACTION | |
| control field | 20210628203613.0 |
| 008 - FIXED-LENGTH DATA ELEMENTS--GENERAL INFORMATION | |
| fixed length control field | 210203b xxu||||| |||| 00| 0 eng d |
| 040 ## - CATALOGING SOURCE | |
| Transcribing agency | . |
| 082 ## - DEWEY DECIMAL CLASSIFICATION NUMBER | |
| Classification number | 297.1227 TAF |
| 100 ## - MAIN ENTRY--PERSONAL NAME | |
| Personal name | Maj Muhammad Ishtiaq Khan, Maj Aamir Bashir |
| 9 (RLIN) | 66501 |
| 245 ## - TITLE STATEMENT | |
| Title | Tafsir - ul - quran, translation and commentary of the holy quran |
| 250 ## - EDITION STATEMENT | |
| Edition statement | 4VOLS |
| 260 ## - PUBLICATION, DISTRIBUTION, ETC. | |
| Place of publication, distribution, etc. | LAHORE |
| Name of publisher, distributor, etc. | DAR-UL-ISHAAT |
| Date of publication, distribution, etc. | 1991 |
| 650 ## - SUBJECT ADDED ENTRY--TOPICAL TERM | |
| Topical term or geographic name entry element | ISLAM-TAFSEER-UL- QURAN.ISLAM-TAFSEER-E-MAJADI |
| 9 (RLIN) | 66502 |
| 942 ## - ADDED ENTRY ELEMENTS (KOHA) | |
| Koha item type | Book |
| Source of classification or shelving scheme | |
| Withdrawn status | Lost status | Damaged status | Not for loan | Permanent Location | Current Location | Shelving location | Date acquired | Total Checkouts | Full call number | Barcode | Date last seen | Price effective from | Koha item type |
|---|---|---|---|---|---|---|---|---|---|---|---|---|---|
| College of Electrical & Mechanical Engineering (CEME) | College of Electrical & Mechanical Engineering (CEME) | General Stacks | 07/31/2017 | 297.1227 TAF | CEME-37308 | 06/28/2021 | 06/28/2021 | Book | |||||
| College of Electrical & Mechanical Engineering (CEME) | College of Electrical & Mechanical Engineering (CEME) | General Stacks | 07/31/2017 | 297.1227 TAF | CEME-37309 | 06/28/2021 | 06/28/2021 | Book | |||||
| College of Electrical & Mechanical Engineering (CEME) | College of Electrical & Mechanical Engineering (CEME) | General Stacks | 07/31/2017 | 297.1227 TAF | CEME-37310 | 06/28/2021 | 06/28/2021 | Book | |||||
| College of Electrical & Mechanical Engineering (CEME) | College of Electrical & Mechanical Engineering (CEME) | General Stacks | 07/31/2017 | 297.1227 TAF | CEME-37311 | 06/28/2021 | 06/28/2021 | Book |
